• 首页
  • 本馆介绍
  • 公告通知
  • 最新文献
  • 馆藏检索
  • 电子资源
  • 读者导购
  • 参考咨询
  • 我的图书馆
  • 登录
  • 详细信息显示
  • 放入我的书架
  • 预约/预借图书
  • 作者相关作品
  • 分类相关作品
  • 丛书相关作品
  • 出版社相关作品

书目信息

  • 表格格式
  • 工作单格式
  • 卡片格式
题名:
行草大字典
    
 
作者: ;书学会 编纂
分册: 下册  
出版信息: 北京   北京市中国书店  1981
页数: 1册
开本: 19cm
丛书名:
单 册:
中图分类: J292.3-61
科图分类:
主题词: 汉字--书法--行草--词典
电子资源:
ISBN:
000 00635nam0 2200229 45
001 0181003615
005 20060622100303.07
010    @dCNY3.50(2册)
100    @a19950411d1981 em y0chiy0121 ea
101 0  @achi
102    @aCN@b110000
105    @ay e 000yy
200 10 @a行草大字典@Axing cao da zi dian@h下册@f书学会编纂@FShu Xue Hui Bian Zuan
205    @a影印本
210    @a北京@c北京市中国书店@d1981
215    @a1册@d19cm
606 0  @a汉字@x书法@x行草@x词典
690    @aJ292.3-61@v3
711 02 @a书学会@4编纂
801  2 @aCN@bNLC@c20060622
801  0 @aCN@b上海图书馆@c20040520
905    @dJ292.3-61@e139:2@f1@b170573
    
    行草大字典.下册/书学会编纂.-影印本.-北京:北京市中国书店,1981
    1册;19cm
    
    
    ISBN :CNY3.50(2册)
    
●
相关链接 在E读中查询图书 在五车中查询图书 在当当中查询图书 在豆瓣中查询图书


正题名:行草大字典     索取号:J292.3-61/139:2         预约/预借

序号 登录号 条形码 馆藏地/架位号 状态 备注
1 0170573   000794634   第一借阅区/ [索取号:J292.3-61/139:2] 在馆    
2 0170574   000794572   第一借阅区/ [索取号:J292.3-61/139:2] 在馆    
3 0170575   001276817   第一样本阅览室/ [索取号:J292.3-61/139:2] 在馆    
4 0420735   204207358   密集书库/ [索取号:J292.3-61/139:2] 在馆    
5 0420736   204207367   密集书库/ [索取号:J292.3-61/139:2] 在馆    
6 0420737   204207376   密集书库/ [索取号:J292.3-61/139:2] 在馆    
7 0420738   204207385   密集书库/ [索取号:J292.3-61/139:2] 在馆    
唐山师范学院图书馆 欢迎您!
大连网信软件有限公司© 版权所有